000 00642nam a2200205Ia 4500
005 20250507130133.0
008 008 250505s9999 xx 000 0 eng d
037 _aDIS
040 _aEASL
_beng
_cEASL
041 _aeng
_2eng
084 _a0000068
_qEASL
100 _aWaadhwa Sangeeta
245 0 _aWorkers' activism in Japan 1945-1955 B.M. Tankha
260 _aIndia
_bDelhi University. Social Sciences. Chinese & Japanese Studies
_c1991
300 _a148p.
546 _aBoth Acc. Nos. are of same dissertation
650 _aLabor Movement - Japan; Diss
_9755000
942 _cDIS
_h0000068
999 _c1317936
_d1317936